000
00319nam a2200133Ia 4500
003
OSt
005
20231207103355.0
008
170524s9999 xx 000 0 und d
020
_a
8170299934
040
_c
IIMT UNIVERSITY
100
_a
HAYES- JOHN P.
245
0
_a
COMPUTER ARCHITECHTURE & ORGANIZATION
942
_2
ddc
_c
02
999
_c
3958
_d
3958